00592nam a2200205Ia 45000010006000000050017000060070003000230080041000260400025000670410008000920820019001001000028001192450071001472500014002182600040002323000026002726530036002986530036003346530016003703470420240114001742.0ta070228s1972 a g b000 u asm u aCotton College,Assam aasm a923.3bC 35 Sa aSaiki, Chandra Prasad . 0aBimala Prasad Chaliha /cChandra Prasad Saikia.hTextual Documents a1st ed. / aGuwahati :bAsam Prakashan ,c1972. a23p. :bill ;c22cm . aBiography-Bimala Prasad Chaliha aBimala Prasad Chaliha-Biography aG-Biography